| 000 | 00665nam a2200205 a 4500 | ||
|---|---|---|---|
| 005 | 20220622063520.0 | ||
| 008 | 031009s2000 mx r 000 0 spa d | ||
| 020 | _a9681663160 | ||
| 035 | _aUPN01000129861 | ||
| 049 | _aI | ||
| 050 | 4 |
_aPZ76.3 _bR6.6 |
|
| 100 | 1 |
_aRoldán, Gustavo, _d1935-2012 _930946 |
|
| 245 | 1 | 4 |
_aLas pulgas no vuelan / _cGustavo Roldán ; il. Gustavo Roldán (H). |
| 260 |
_aMéxico : _bFCE, _c2000. |
||
| 300 |
_a38 p. : _bprincipalmente il. |
||
| 440 | 0 |
_aA la orilla del viento. _pPara los que están aprendiendo a leer ; _v142 |
|
| 650 | 0 |
_aAnimales _vCuentos y leyendas _9234 |
|
| 650 | 4 |
_aCuentos infantiles _96744 |
|
| 905 | _aInfantil | ||
| 999 |
_c102018 _d102018 |
||